[Event "Gibtelecom AmatWk2 6th"]
[Site "Gibraltar"]
[Date "2008.01.30"]
[Round "4.48"]
[White "Lode, Marius Skefstad"]
[Black "Dimitrov, Daniel"]
[Result "1-0"]
[WhiteElo "1822"]
[BlackElo "1600"]
[PlyCount "111"]
[EventDate "2008.01.27"]
[EventType "swiss"]
[EventRounds "5"]
[EventCountry "GGB"]
[SourceTitle "BritBase"]
[Source "www.saund.co.uk"]
[SourceDate "2018.02.10"]
[SourceVersion "1"]
[SourceVersionDate "2018.02.10"]
[SourceQuality "1"]

1. e4 b6 2. Bc4 e6 3. Nc3 c6 4. Qe2 a5 5. a4 Ba6 6. Nf3 Bb4 7. O-O Ne7 8. e5
Ng6 9. Bxa6 Nxa6 10. Ne4 Qc7 11. c3 Be7 12. d4 h6 13. g3 O-O 14. h4 f5 15. exf6
Bxf6 16. h5 Ne7 17. Bf4 Qd8 18. Bd6 Nc7 19. Nh2 Ne8 20. Ba3 Rf7 21. Ng4 Nf5 22.
Ngxf6+ gxf6 23. Kh2 Qc7 24. f4 Ned6 25. g4 Nxe4 26. Qxe4 Nd6 27. Qg6+ Rg7 28.
Qxf6 Nc4 29. Qxh6 Nxa3 30. bxa3 Rf8 31. Kg3 c5 32. d5 exd5 33. Rad1 d4 34. cxd4
c4 35. Rb1 c3 36. Qxb6 Qxb6 37. Rxb6 Re7 38. Rbb1 c2 39. Rbc1 Rc8 40. Rf2 Re3+
41. Kh4 Rxa3 42. Rfxc2 Rxc2 43. Rxc2 Rxa4 44. Rd2 Rb4 45. g5 a4 46. Kg4 a3 47.
Ra2 Rb3 48. Kf5 Re3 49. h6 Kh7 50. d5 d6 51. Kf6 Rf3 52. g6+ Kh8 53. f5 Re3 54.
Kf7 Rg3 55. Rc2 Rc3 56. Rxc3 1-0

[Event "Gibtelecom AmatWk2 6th"]
[Site "Gibraltar"]
[Date "2008.01.30"]
[Round "4.49"]
[White "Rough, Robert E"]
[Black "Salomon, Johan"]
[Result "0-1"]
[WhiteElo "1651"]
[BlackElo "1000"]
[PlyCount "140"]
[EventDate "2008.01.27"]
[EventType "swiss"]
[EventRounds "5"]
[EventCountry "GGB"]
[SourceTitle "BritBase"]
[Source "www.saund.co.uk"]
[SourceDate "2018.02.10"]
[SourceVersion "1"]
[SourceVersionDate "2018.02.10"]
[SourceQuality "1"]

1. d4 g6 2. Bf4 Bg7 3. e3 Nf6 4. Nf3 O-O 5. h3 h6 6. Bd3 a6 7. Nbd2 d6 8. O-O
b5 9. c3 Bb7 10. Qe2 c5 11. Rfe1 Nbd7 12. a3 Qb6 13. Rec1 c4 14. Bc2 Nd5 15.
Bg3 Nc7 16. Rd1 Rae8 17. e4 e5 18. dxe5 dxe5 19. Nxc4 bxc4 20. Rxd7 Bc8 21.
Rdd1 Qxb2 22. Qd2 Rd8 23. Rdb1 Qxb1+ 24. Rxb1 Rxd2 25. Nxd2 Nb5 26. Nxc4 Nxc3
27. Re1 Nb5 28. Nxe5 Bxe5 29. Bxe5 Nxa3 30. Bb3 Re8 31. Bd6 Nb5 32. Bb4 Bb7 33.
f3 Nd4 34. Ba4 Bc6 35. Bxc6 Nxc6 36. Ba3 a5 37. Rc1 Re6 38. Rc5 f6 39. Rb5 Re5
40. Rb6 Re6 41. Rb5 g5 42. Kf2 Kf7 43. Rb7+ Kg6 44. Rb6 Nd4 45. Rxe6 Nxe6 46.
g3 a4 47. Ke3 Nc7 48. Kd3 Nb5 49. Bb2 a3 50. Ba1 Nc7 51. Kc2 Ne6 52. Kb1 Nc5
53. Ka2 Nd3 54. Bc3 Nf2 55. Kxa3 Nxh3 56. Bd4 h5 57. Kb3 h4 58. gxh4 gxh4 59.
Be3 Ng5 60. Kc4 Nxf3 61. Bf4 Ne5+ 62. Kd4 Ng4 63. Kd5 Kf7 64. Bb8 h3 65. Bg3 h2
66. Bxh2 Nxh2 67. e5 f5 68. Kd6 f4 69. Kd7 Kg7 70. e6 Ng4 0-1

[Event "Gibtelecom AmatWk2 6th"]
[Site "Gibraltar"]
[Date "2008.01.30"]
[Round "4.50"]
[White "Garcia Lechugo, Francisco"]
[Black "Tomassetti, Giuseppe"]
[Result "1/2-1/2"]
[WhiteElo "1515"]
[BlackElo "1636"]
[PlyCount "96"]
[EventDate "2008.01.27"]
[EventType "swiss"]
[EventRounds "5"]
[EventCountry "GGB"]
[SourceTitle "BritBase"]
[Source "www.saund.co.uk"]
[SourceDate "2018.02.10"]
[SourceVersion "1"]
[SourceVersionDate "2018.02.10"]
[SourceQuality "1"]

1. c4 e5 2. Nc3 d6 3. g3 f5 4. Bg2 Nc6 5. d3 Be7 6. a3 Nf6 7. b4 a6 8. Nf3 O-O
9. O-O Qe8 10. Qb3 Kh8 11. Nd5 Bd8 12. Bb2 Na7 13. Nxf6 Bxf6 14. h3 Bd7 15. Kh2
Qf7 16. Qa2 Be6 17. Rac1 c6 18. Qb1 Bd8 19. Rc2 e4 20. Nd4 Bf6 21. Nxe6 Qxe6
22. Bxf6 Rxf6 23. Kg1 d5 24. cxd5 cxd5 25. Rc7 Rf7 26. Rfc1 Nb5 27. Rxf7 Qxf7
28. Qb2 Rd8 29. a4 Na7 30. b5 axb5 31. axb5 b6 32. Qd4 Qf6 33. Qxf6 gxf6 34.
Bf1 Nxb5 35. Rb1 Nd6 36. Rxb6 Kg7 37. Ra6 h5 38. f4 d4 39. Ra7+ Kg6 40. Bg2 e3
41. Bf3 Nb5 42. Ra8 Rxa8 43. Bxa8 h4 44. Kg2 Nc3 45. Bf3 hxg3 46. Kxg3 Nd1 47.
h4 Nf2 48. h5+ Kh6 1/2-1/2

[Event "Gibtelecom AmatWk2 6th"]
[Site "Gibraltar"]
[Date "2008.01.30"]
[Round "4.51"]
[White "Cox, Marian"]
[Black "Ribon Calabia, Mariano"]
[Result "0-1"]
[WhiteElo "1200"]
[BlackElo "1800"]
[PlyCount "52"]
[EventDate "2008.01.27"]
[EventType "swiss"]
[EventRounds "5"]
[EventCountry "GGB"]
[SourceTitle "BritBase"]
[Source "www.saund.co.uk"]
[SourceDate "2018.02.10"]
[SourceVersion "1"]
[SourceVersionDate "2018.02.10"]
[SourceQuality "1"]

1. e4 g6 2. d4 Bg7 3. Nf3 Nc6 4. c3 a6 5. Be3 d5 6. e5 f6 7. exf6 Nxf6 8. h3
O-O 9. Bd3 Nh5 10. Nbd2 e5 11. dxe5 Nxe5 12. Nxe5 Bxe5 13. g3 Nxg3 14. fxg3
Bxg3+ 15. Ke2 Qh4 16. Nf3 Qh5 17. Qf1 Bd7 18. Qg2 Bf4 19. Bxf4 Rxf4 20. Raf1
Raf8 21. Qg5 Bxh3 22. Rf2 Rxf3 23. Qxh5 Rxf2+ 24. Ke3 gxh5 25. Rxh3 c5 26. Be2
d4+ 0-1

[Event "Gibtelecom AmatWk2 6th"]
[Site "Gibraltar"]
[Date "2008.01.30"]
[Round "4.52"]
[White "Hughes, Peter"]
[Black "Tari, Aryan"]
[Result "1/2-1/2"]
[WhiteElo "1664"]
[BlackElo "1377"]
[PlyCount "69"]
[EventDate "2008.01.27"]
[EventType "swiss"]
[EventRounds "5"]
[EventCountry "GGB"]
[SourceTitle "BritBase"]
[Source "www.saund.co.uk"]
[SourceDate "2018.02.10"]
[SourceVersion "1"]
[SourceVersionDate "2018.02.10"]
[SourceQuality "1"]

1. d4 d5 2. Bf4 Nf6 3. e3 Bf5 4. c4 c6 5. Qb3 Qd7 6. Nf3 e6 7. Nc3 Be7 8. Ne5
Qc8 9. Rc1 Nbd7 10. Be2 O-O 11. O-O Nxe5 12. dxe5 Nd7 13. cxd5 exd5 14. Nxd5
Bd8 15. Nc3 Bc7 16. Rfd1 Bxe5 17. Nd5 Re8 18. Bxe5 Nxe5 19. Nf4 Qc7 20. h3 Rad8
21. Rxd8 Rxd8 22. Rd1 Rxd1+ 23. Qxd1 h6 24. Qd4 a6 25. b4 Nd7 26. Nh5 Qe5 27.
Qxe5 Nxe5 28. f4 Nd7 29. g4 Be6 30. a3 Nb6 31. e4 f6 32. Kf2 Kf7 33. Ng3 Bc4
34. Bd1 g6 35. Ke3 {score unclear after move 25 - only one scoresheet} 1/2-1/2

[Event "Gibtelecom AmatWk2 6th"]
[Site "Gibraltar"]
[Date "2008.01.30"]
[Round "4.53"]
[White "Poggio, Freddie"]
[Black "Stoop, Michael"]
[Result "1-0"]
[WhiteElo "1616"]
[BlackElo "1056"]
[PlyCount "39"]
[EventDate "2008.01.27"]
[EventType "swiss"]
[EventRounds "5"]
[EventCountry "GGB"]
[SourceTitle "BritBase"]
[Source "www.saund.co.uk"]
[SourceDate "2018.02.10"]
[SourceVersion "1"]
[SourceVersionDate "2018.02.10"]
[SourceQuality "1"]

1. Nf3 d5 2. d4 Bf5 3. c4 e6 4. Nc3 Nf6 5. Bg5 Be7 6. Qb3 Nc6 7. Bxf6 gxf6 8.
cxd5 exd5 9. Qxd5 Bd7 10. a3 a6 11. e3 Bd6 12. Bd3 Be6 13. Qh5 h6 14. d5 Ne5
15. dxe6 Nxd3+ 16. Ke2 Rh7 17. Kxd3 Qe7 18. Nd4 O-O-O 19. Nd5 Qe8 20. Nxf6 1-0

[Event "Gibtelecom AmatWk2 6th"]
[Site "Gibraltar"]
[Date "2008.01.30"]
[Round "4.54"]
[White "Ruiz, Jose Mari"]
[Black "Hansen, Linda Marie"]
[Result "0-1"]
[WhiteElo "1000"]
[BlackElo "1531"]
[PlyCount "54"]
[EventDate "2008.01.27"]
[EventType "swiss"]
[EventRounds "5"]
[EventCountry "GGB"]
[SourceTitle "BritBase"]
[Source "www.saund.co.uk"]
[SourceDate "2018.02.10"]
[SourceVersion "1"]
[SourceVersionDate "2018.02.10"]
[SourceQuality "1"]

1. e4 e5 2. Bc4 Nf6 3. Nf3 Nc6 4. O-O Bc5 5. Nc3 O-O 6. d4 exd4 7. e5 dxc3 8.
exf6 Qxf6 9. Bd3 cxb2 10. Bxb2 Qxb2 11. Qe2 Nd4 12. Qe4 Nxf3+ 13. gxf3 g6 14.
Rae1 d6 15. Re2 Bh3 16. Rfe1 Qf6 17. Qc4 Qg5+ 18. Qg4 Bxg4 19. fxg4 Qxg4+ 20.
Kf1 d5 21. c4 Qf4 22. cxd5 Qxh2 23. Be4 Rae8 24. Rd2 Bb4 25. Red1 Bxd2 26. Rxd2
Rxe4 27. Re2 Qh1# 0-1

[Event "Gibtelecom AmatWk2 6th"]
[Site "Gibraltar"]
[Date "2008.01.30"]
[Round "4.55"]
[White "Bath, Tom"]
[Black "Cox, Reginald"]
[Result "0-1"]
[WhiteElo "1424"]
[BlackElo "1136"]
[PlyCount "70"]
[EventDate "2008.01.27"]
[EventType "swiss"]
[EventRounds "5"]
[EventCountry "GGB"]
[SourceTitle "BritBase"]
[Source "www.saund.co.uk"]
[SourceDate "2018.02.10"]
[SourceVersion "1"]
[SourceVersionDate "2018.02.10"]
[SourceQuality "1"]

1. e4 e5 2. f4 exf4 3. Nf3 Nc6 4. Bc4 h6 5. Nc3 Be7 6. O-O d6 7. d4 Bg4 8. Bxf4
g5 9. Be3 Qd7 10. Bxf7+ Kxf7 11. Ne5+ Ke8 12. Nxg4 h5 13. Nf2 Bf6 14. Nd5 Qg7
15. c3 Kd7 16. Nxf6+ Nxf6 17. Qd2 Rag8 18. Rad1 a6 19. Qc2 Qg6 20. d5 Ne5 21.
Qa4+ Kc8 22. Bd4 Re8 23. Bxe5 Rxe5 24. Rd4 Qe8 25. Qc2 Qg6 26. b4 Rhe8 27. Re1
g4 28. Nd3 Rxe4 29. Rdxe4 Rxe4 30. Rxe4 Qxe4 31. Qf2 Qxd3 32. Qxf6 Qd1+ 33. Kf2
Qd2+ 34. Kg3 Qe1+ 35. Qf2 h4+ 0-1

[Event "Gibtelecom AmatWk2 6th"]
[Site "Gibraltar"]
[Date "2008.01.30"]
[Round "4.56"]
[White "Feeney, James"]
[Black "Beadle, John R"]
[Result "1/2-1/2"]
[WhiteElo "1088"]
[BlackElo "1400"]
[PlyCount "70"]
[EventDate "2008.01.27"]
[EventType "swiss"]
[EventRounds "5"]
[EventCountry "GGB"]
[SourceTitle "BritBase"]
[Source "www.saund.co.uk"]
[SourceDate "2018.02.10"]
[SourceVersion "1"]
[SourceVersionDate "2018.02.10"]
[SourceQuality "1"]

1. f4 Nf6 2. e3 c5 3. Nf3 d6 4. b3 Nbd7 5. Bb5 g6 6. Bb2 Bg7 7. O-O a6 8. Bxd7+
Bxd7 9. d3 b5 10. Nbd2 O-O 11. Qe1 h6 12. h3 Nd5 13. Bxg7 Kxg7 14. a3 Qb6 15.
Kh2 Rfc8 16. c4 Nf6 17. Rg1 d5 18. Ne5 Qe6 19. g4 Rh8 20. Qg3 g5 21. Ndf3 Rag8
22. Raf1 Kf8 23. Nxd7+ Nxd7 24. Ne5 f6 25. Nxd7+ Qxd7 26. fxg5 hxg5 27. Rf5
dxc4 28. dxc4 Qc6 29. Rd5 Kg7 30. Rgd1 Rb8 31. Qg2 Qc7+ 32. Qg3 Qxg3+ 33. Kxg3
bxc4 34. bxc4 Rb3 35. R1d3 Rxd3 1/2-1/2

[Event "Gibtelecom AmatWk2 6th"]
[Site "Gibraltar"]
[Date "2008.01.30"]
[Round "4.57"]
[White "Andersen, Glenn"]
[Black "Mossiaguine, Arina"]
[Result "1-0"]
[WhiteElo "1200"]
[BlackElo "1111"]
[PlyCount "61"]
[EventDate "2008.01.27"]
[EventType "swiss"]
[EventRounds "5"]
[EventCountry "GGB"]
[SourceTitle "BritBase"]
[Source "www.saund.co.uk"]
[SourceDate "2018.02.10"]
[SourceVersion "1"]
[SourceVersionDate "2018.02.10"]
[SourceQuality "1"]

1. c4 e6 2. e4 f5 3. d3 Nf6 4. Nc3 d5 5. cxd5 exd5 6. exd5 Bb4 7. g3 Nxd5 8.
Qc2 Qe7+ 9. Nge2 Nc6 10. Bd2 Nd4 11. Qc1 Qe5 12. f4 Nf3+ 13. Kd1 Qe6 14. Bg2
Nxd2 15. Bxd5 Qb6 16. Qxd2 Bd7 17. Re1 O-O-O 18. Kc2 c6 19. Bb3 Kb8 20. Ng1 c5
21. Nf3 Bb5 22. Ne5 Rc8 23. Bc4 Bxc4 24. Nd7+ Ka8 25. Nxb6+ axb6 26. dxc4 Rhd8
27. Qe3 Rd4 28. a3 Ba5 29. b4 cxb4 30. axb4 Rdxc4 31. bxa5 1-0

[Event "Gibtelecom AmatWk2 6th"]
[Site "Gibraltar"]
[Date "2008.01.30"]
[Round "4.58"]
[White "Mossiaguine, Anastasia"]
[Black "Sedgwick, David"]
[Result "0-1"]
[WhiteElo "920"]
[BlackElo "2079"]
[PlyCount "38"]
[EventDate "2008.01.27"]
[EventType "swiss"]
[EventRounds "5"]
[EventCountry "GGB"]
[SourceTitle "BritBase"]
[Source "www.saund.co.uk"]
[SourceDate "2018.02.10"]
[SourceVersion "1"]
[SourceVersionDate "2018.02.10"]
[SourceQuality "1"]

1. e4 e5 2. Nf3 d5 3. Nc3 d4 4. Ne2 Nf6 5. d3 Bg4 6. Ng3 Nc6 7. Be2 Bd6 8. O-O
Qd7 9. Bg5 O-O-O 10. Bxf6 gxf6 11. h3 Be6 12. a3 Rdg8 13. b4 h5 14. c4 Bxh3 15.
gxh3 Qxh3 16. Qe1 h4 17. b5 hxg3 18. fxg3 Rxg3+ 19. Qxg3 Qxg3# {counted as 1-0
versus Bye for tournament purposes} 0-1

[Event "Gibtelecom AmatWk2 6th"]
[Site "Gibraltar"]
[Date "2008.01.31"]
[Round "5.39"]
[White "Bishop, Geoffrey L"]
[Black "Kuenitz, Klaus"]
[Result "1-0"]
[WhiteElo "1664"]
[BlackElo "1645"]
[PlyCount "51"]
[EventDate "2008.01.27"]
[EventType "swiss"]
[EventRounds "5"]
[EventCountry "GGB"]
[SourceTitle "BritBase"]
[Source "www.saund.co.uk"]
[SourceDate "2018.02.10"]
[SourceVersion "1"]
[SourceVersionDate "2018.02.10"]
[SourceQuality "1"]

1. e4 e6 2. d4 d5 3. Nc3 dxe4 4. Nxe4 Nd7 5. Nf3 Ngf6 6. Nxf6+ Nxf6 7. c3 Be7
8. Bd3 O-O 9. Bg5 b6 10. O-O Bb7 11. Re1 h6 12. Bxf6 Bxf6 13. Bc2 g6 14. Ne5
Bg7 15. Qg4 Bxe5 16. Rxe5 Qf6 17. Rae1 Rad8 18. R1e3 Rd6 19. Rg3 c5 20. Rh5
cxd4 21. Rxh6 d3 22. Rxd3 Rxd3 23. Bxd3 Rd8 24. Bxg6 Qg7 25. Bxf7+ Kxf7 26.
Qxe6+ 1-0

[Event "Gibtelecom AmatWk2 6th"]
[Site "Gibraltar"]
[Date "2008.01.31"]
[Round "5.40"]
[White "Aagedal, Geir Ole"]
[Black "Booth, Chris"]
[Result "0-1"]
[WhiteElo "1839"]
[BlackElo "1840"]
[PlyCount "56"]
[EventDate "2008.01.27"]
[EventType "swiss"]
[EventRounds "5"]
[EventCountry "GGB"]
[SourceTitle "BritBase"]
[Source "www.saund.co.uk"]
[SourceDate "2018.02.10"]
[SourceVersion "1"]
[SourceVersionDate "2018.02.10"]
[SourceQuality "1"]

1. c4 b6 2. d4 Bb7 3. Nc3 e6 4. Nf3 Bb4 5. Bg5 Ne7 6. e3 d5 7. Qa4+ Nbc6 8. Ne5
Bxc3+ 9. bxc3 f6 10. cxd5 Qxd5 11. Bxf6 gxf6 12. Ng4 Qg5 13. Be2 h5 14. f4 Qg6
15. Nf2 Qxg2 16. Qd1 O-O-O 17. Bf3 Qg6 18. Qb3 f5 19. Kd2 Kb8 20. Rhg1 Qf6 21.
Be2 Na5 22. Qc2 Bd5 23. Rab1 Nc4+ 24. Bxc4 Bxc4 25. Rb4 Qh4 26. Kc1 Ba6 27. Nd1
Rhg8 28. Re1 Qxe1 0-1

[Event "Gibtelecom AmatWk2 6th"]
[Site "Gibraltar"]
[Date "2008.01.31"]
[Round "5.41"]
[White "Loberg, Jo Kristian"]
[Black "Hermes, Geoff R"]
[Result "1-0"]
[WhiteElo "1450"]
[BlackElo "1696"]
[PlyCount "137"]
[EventDate "2008.01.27"]
[EventType "swiss"]
[EventRounds "5"]
[EventCountry "GGB"]
[SourceTitle "BritBase"]
[Source "www.saund.co.uk"]
[SourceDate "2018.02.10"]
[SourceVersion "1"]
[SourceVersionDate "2018.02.10"]
[SourceQuality "1"]

1. e4 c5 2. Nf3 d6 3. Nc3 Nf6 4. d4 cxd4 5. Nxd4 a6 6. Bg5 e6 7. Be2 Be7 8. O-O
O-O 9. Bf3 Nbd7 10. Qd2 Qc7 11. Rad1 Rd8 12. Rfe1 Ne5 13. Be2 b5 14. f4 Nc4 15.
Bxc4 bxc4 16. e5 dxe5 17. fxe5 Nd5 18. Nxd5 Rxd5 19. Bxe7 Qxe7 20. c3 Bb7 21.
Qf4 Rad8 22. Rd2 Qd7 23. Re3 Qc7 24. Rf2 R5d7 25. Rg3 g6 26. Rh3 Qc5 27. Re2
Rxd4 28. cxd4 Rxd4 29. Qe3 Rd1+ 30. Kf2 Qd5 31. Rg3 Rd3 32. Qf4 Rd4 33. Qe3 Kg7
34. b3 cxb3 35. Qxb3 Rf4+ 36. Kg1 Qc6 37. Rc3 Qd7 38. Rd3 Bd5 39. Qc3 Qb5 40.
Rde3 Rc4 41. Qd2 Qc5 42. h3 Ra4 43. Qe1 Bxa2 44. Qf2 Kg8 45. Rf3 Qxf2+ 46.
Rexf2 Bd5 47. Rxf7 Re4 48. Ra7 Rxe5 49. Rb2 Rf5 50. Rb8+ Rf8 51. Rxf8+ Kxf8 52.
Rxh7 Kg8 53. Ra7 e5 54. Kf2 Bf7 55. Ke3 Bd5 56. g3 Bg2 57. h4 e4 58. g4 Bf3 59.
g5 Bg2 60. Kf4 Bf3 61. Rxa6 Kf7 62. Ra7+ Ke6 63. Ra6+ Kf7 64. Ke5 Bh5 65. Ra7+
Ke8 66. Kxe4 Kd8 67. Ke5 Ke8 68. Kf6 Kf8 69. Ra8# 1-0

[Event "Gibtelecom AmatWk2 6th"]
[Site "Gibraltar"]
[Date "2008.01.31"]
[Round "5.42"]
[White "Kennedy, Philip J"]
[Black "Goodfellow, Russell"]
[Result "1-0"]
[WhiteElo "1704"]
[BlackElo "1648"]
[PlyCount "69"]
[EventDate "2008.01.27"]
[EventType "swiss"]
[EventRounds "5"]
[EventCountry "GGB"]
[SourceTitle "BritBase"]
[Source "www.saund.co.uk"]
[SourceDate "2018.02.10"]
[SourceVersion "1"]
[SourceVersionDate "2018.02.10"]
[SourceQuality "1"]

1. e4 c5 2. Nf3 e6 3. d3 Nc6 4. g3 Nf6 5. Bg2 d5 6. Nbd2 g6 7. O-O Bg7 8. exd5
Qxd5 9. Re1 Qd6 10. Nc4 Qd8 11. Be3 Nd4 12. c3 Nxf3+ 13. Bxf3 Qe7 14. Bf4 Nd7
15. Nd6+ Kf8 16. Nxc8 Rxc8 17. Bxb7 Rd8 18. Bg2 g5 19. Be3 Ne5 20. d4 h6 21.
Qe2 Nd7 22. Rad1 Rc8 23. dxc5 Nxc5 24. Bd4 Na4 25. Bxg7+ Kxg7 26. Rd4 Nb6 27.
Qe5+ Qf6 28. Qxf6+ Kxf6 29. Red1 Rc7 30. Bf1 Rb8 31. c4 e5 32. Rd6+ Kg7 33. b3
f5 34. Re6 e4 35. Rdd6 1-0

[Event "Gibtelecom AmatWk2 6th"]
[Site "Gibraltar"]
[Date "2008.01.31"]
[Round "5.43"]
[White "Tufta, Jon Gunnar"]
[Black "Lode, Marius Skefstad"]
[Result "1/2-1/2"]
[WhiteElo "1681"]
[BlackElo "1822"]
[PlyCount "38"]
[EventDate "2008.01.27"]
[EventType "swiss"]
[EventRounds "5"]
[EventCountry "GGB"]
[SourceTitle "BritBase"]
[Source "www.saund.co.uk"]
[SourceDate "2018.02.10"]
[SourceVersion "1"]
[SourceVersionDate "2018.02.10"]
[SourceQuality "1"]

1. e4 e6 2. d4 d5 3. exd5 exd5 4. Bd3 Bd6 5. h3 Ne7 6. Ne2 O-O 7. Bg5 f6 8. Bf4
Bf5 9. O-O c6 10. c3 Qc7 11. Bg3 Bxd3 12. Qxd3 Ng6 13. Re1 Nd7 14. Nd2 Rfe8 15.
Nf1 Ndf8 16. Ne3 Ne6 17. Nf1 Nef8 18. Ne3 Ne6 19. Nf1 Nef8 1/2-1/2

[Event "Gibtelecom AmatWk2 6th"]
[Site "Gibraltar"]
[Date "2008.01.31"]
[Round "5.44"]
[White "Salomon, Johan"]
[Black "Jacobsen, Maria Pitz"]
[Result "0-1"]
[WhiteElo "1000"]
[BlackElo "1799"]
[PlyCount "94"]
[EventDate "2008.01.27"]
[EventType "swiss"]
[EventRounds "5"]
[EventCountry "GGB"]
[SourceTitle "BritBase"]
[Source "www.saund.co.uk"]
[SourceDate "2018.02.10"]
[SourceVersion "1"]
[SourceVersionDate "2018.02.10"]
[SourceQuality "1"]

1. d4 Nf6 2. c4 c5 3. d5 e6 4. Nc3 exd5 5. cxd5 d6 6. e4 g6 7. f3 Bg7 8. Bb5+
Bd7 9. Bxd7+ Nbxd7 10. Bf4 Qb6 11. Qb3 Qxb3 12. axb3 Ke7 13. Nge2 a6 14. Nc1
Ne8 15. O-O Nc7 16. Re1 Nb5 17. N1a2 Nd4 18. Rad1 Nxb3 19. Nc1 Nxc1 20. Rxc1
Ne5 21. Bxe5 Bxe5 22. g3 Rhe8 23. f4 Bd4+ 24. Kg2 Kf8 25. Re2 Re7 26. Rce1 Rae8
27. Kf3 b5 28. Nd1 f5 29. e5 dxe5 30. fxe5 Rxe5 31. Nc3 Bxc3 32. bxc3 Rxe2 33.
Rxe2 Rxe2 34. Kxe2 Ke7 35. Kd3 Kd6 36. c4 bxc4+ 37. Kxc4 a5 38. h3 a4 39. h4 a3
40. Kb3 Kxd5 41. Kxa3 Ke4 42. Kb3 Kf3 43. Kc4 Kxg3 44. Kxc5 f4 45. Kd4 f3 46.
Ke3 f2 47. Ke2 Kg2 0-1

[Event "Gibtelecom AmatWk2 6th"]
[Site "Gibraltar"]
[Date "2008.01.31"]
[Round "5.45"]
[White "Livesey, R Nigel"]
[Black "Randall, David C"]
[Result "1/2-1/2"]
[WhiteElo "1792"]
[BlackElo "1568"]
[PlyCount "45"]
[EventDate "2008.01.27"]
[EventType "swiss"]
[EventRounds "5"]
[EventCountry "GGB"]
[SourceTitle "BritBase"]
[Source "www.saund.co.uk"]
[SourceDate "2018.02.10"]
[SourceVersion "1"]
[SourceVersionDate "2018.02.10"]
[SourceQuality "1"]

1. c4 e5 2. g3 d6 3. Bg2 f5 4. d3 Nf6 5. Nc3 c6 6. e4 Be7 7. Nge2 O-O 8. O-O g6
9. h3 Be6 10. Bh6 Rf7 11. Qd2 Qd7 12. Kh2 fxe4 13. dxe4 Bxc4 14. b3 Be6 15. f4
Bf8 16. Bxf8 Rxf8 17. Rad1 Ne8 18. Qe3 Qg7 19. Rd2 Na6 20. Rfd1 Nac7 21. Ng1
Qh6 22. Nge2 Qg7 23. Nb1 1/2-1/2

[Event "Gibtelecom AmatWk2 6th"]
[Site "Gibraltar"]
[Date "2008.01.31"]
[Round "5.46"]
[White "Garcia, Mario"]
[Black "Rashleigh, Jonathan"]
[Result "0-1"]
[WhiteElo "1663"]
[BlackElo "1568"]
[PlyCount "46"]
[EventDate "2008.01.27"]
[EventType "swiss"]
[EventRounds "5"]
[EventCountry "GGB"]
[SourceTitle "BritBase"]
[Source "www.saund.co.uk"]
[SourceDate "2018.02.10"]
[SourceVersion "1"]
[SourceVersionDate "2018.02.10"]
[SourceQuality "1"]

1. e4 e6 2. d4 d5 3. Nc3 Nc6 4. e5 f6 5. f4 fxe5 6. dxe5 Bc5 7. Nf3 Nge7 8. Bd3
Nb4 9. a3 Nxd3+ 10. cxd3 Nf5 11. Ne2 Bd7 12. d4 Bb6 13. b4 a5 14. Bd2 axb4 15.
axb4 Rxa1 16. Qxa1 O-O 17. O-O Bb5 18. Re1 Qe8 19. Ng3 Nxg3 20. hxg3 Qg6 21.
Kf2 c6 22. Nh4 Qd3 23. Qc3 Bxd4+ 0-1

[Event "Gibtelecom AmatWk2 6th"]
[Site "Gibraltar"]
[Date "2008.01.31"]
[Round "5.47"]
[White "Ribon Calabia, Mariano"]
[Black "Poggio, Freddie"]
[Result "0-1"]
[WhiteElo "1800"]
[BlackElo "1616"]
[PlyCount "48"]
[EventDate "2008.01.27"]
[EventType "swiss"]
[EventRounds "5"]
[EventCountry "GGB"]
[SourceTitle "BritBase"]
[Source "www.saund.co.uk"]
[SourceDate "2018.02.10"]
[SourceVersion "1"]
[SourceVersionDate "2018.02.10"]
[SourceQuality "1"]

1. e4 c5 2. Nc3 a6 3. Bc4 e6 4. Nf3 d6 5. O-O b5 6. Be2 Nf6 7. d3 Nbd7 8. Qe1
b4 9. Nd1 Bb7 10. Ne3 Be7 11. Ng5 h6 12. Nh3 d5 13. exd5 Nxd5 14. Bf3 O-O 15.
Ng4 N7f6 16. Nxf6+ Bxf6 17. Be4 Qd7 18. f4 Bd4+ 19. Kh1 Nf6 20. f5 Bxe4 21.
dxe4 exf5 22. Rxf5 Rae8 23. Qg3 Nxe4 24. Qf3 Nf2+ 0-1

[Event "Gibtelecom AmatWk2 6th"]
[Site "Gibraltar"]
[Date "2008.01.31"]
[Round "5.48"]
[White "Wright, Jonathan"]
[Black "Coats, Jon R"]
[Result "1-0"]
[WhiteElo "1776"]
[BlackElo "1376"]
[PlyCount "83"]
[EventDate "2008.01.27"]
[EventType "swiss"]
[EventRounds "5"]
[EventCountry "GGB"]
[SourceTitle "BritBase"]
[Source "www.saund.co.uk"]
[SourceDate "2018.02.10"]
[SourceVersion "1"]
[SourceVersionDate "2018.02.10"]
[SourceQuality "1"]

1. e4 d6 2. d4 g6 3. Nc3 Bg7 4. f4 a6 5. Bc4 b5 6. Bb3 Bb7 7. Nf3 e6 8. Qe2 Nd7
9. Nd1 c5 10. c3 Ngf6 11. Nf2 O-O 12. Bd2 Rc8 13. g4 d5 14. e5 Ne4 15. O-O Qe7
16. Nxe4 dxe4 17. Ng5 Kh8 18. Nxe4 Rcd8 19. Nd6 Bc6 20. g5 c4 21. Bc2 Nb6 22.
Rae1 Rxd6 23. exd6 Qxd6 24. h4 h5 25. a3 Nd5 26. Be4 Kh7 27. Qxh5+ Kg8 28. Qe2
Ne7 29. Bxc6 Qxc6 30. h5 gxh5 31. Qxh5 Nf5 32. Rf3 Nh4 33. Rg3 Nf5 34. Rh3 f6
35. Qg6 Qd5 36. Re2 Ne7 37. Qh7+ Kf7 38. gxf6 Kxf6 39. Re5 Qc6 40. f5 Nxf5 41.
Rxf5+ exf5 42. Rh6+ 1-0

[Event "Gibtelecom AmatWk2 6th"]
[Site "Gibraltar"]
[Date "2008.01.31"]
[Round "5.49"]
[White "Tomassetti, Giuseppe"]
[Black "Hughes, Lloyd"]
[Result "1/2-1/2"]
[WhiteElo "1636"]
[BlackElo "1745"]
[PlyCount "38"]
[EventDate "2008.01.27"]
[EventType "swiss"]
[EventRounds "5"]
[EventCountry "GGB"]
[SourceTitle "BritBase"]
[Source "www.saund.co.uk"]
[SourceDate "2018.02.10"]
[SourceVersion "1"]
[SourceVersionDate "2018.02.10"]
[SourceQuality "1"]

1. e4 c6 2. d4 d5 3. e5 Bf5 4. Nf3 e6 5. Be2 Nd7 6. O-O c5 7. c3 cxd4 8. cxd4
Rc8 9. Nc3 a6 10. a3 Ne7 11. Bd2 Nc6 12. Be3 Be7 13. Rc1 O-O 14. b4 b5 15. Bd3
Bxd3 16. Qxd3 Nb6 17. Rc2 Nc4 18. Bc1 Bxb4 19. Ne2 Be7 1/2-1/2

[Event "Gibtelecom AmatWk2 6th"]
[Site "Gibraltar"]
[Date "2008.01.31"]
[Round "5.50"]
[White "Hansen, Linda Marie"]
[Black "Izzard, Brian J"]
[Result "1-0"]
[WhiteElo "1531"]
[BlackElo "1664"]
[PlyCount "39"]
[EventDate "2008.01.27"]
[EventType "swiss"]
[EventRounds "5"]
[EventCountry "GGB"]
[SourceTitle "BritBase"]
[Source "www.saund.co.uk"]
[SourceDate "2018.02.10"]
[SourceVersion "1"]
[SourceVersionDate "2018.02.10"]
[SourceQuality "1"]

1. e4 c5 2. Nf3 d6 3. Nc3 a6 4. d3 Nc6 5. Be2 Nf6 6. Bg5 e6 7. O-O Be7 8. Qd2
O-O 9. d4 cxd4 10. Nxd4 Nxd4 11. Qxd4 Qc7 12. Bd3 b5 13. Qe3 b4 14. Ne2 Bd7 15.
Qg3 e5 16. Qh4 Bc6 17. Ng3 h6 18. Bxh6 gxh6 19. Nf5 h5 20. Qg5+ 1-0